003430000a22001690004500650001100000015000700011082002000018518001100038530000600049100001500055245001700070260004000087260001400127041000800141300001000149365001400159 aSports aNB aN796bJ651kcCS a990520 aM aJha, Ashok aKrida vijnan aKathmandubEm. Ke. Pablisars, Nepal c2055 B.S. aNep a278p. aRs.110.00